=LDR 00000nam 2200000 4500 =001 INLIS000000000021025 =005 20130612115926 =008 ***********************************Ind** =035 ##$$0010-061300000021025 =041 ##$$a Ind =082 ##$$a 370.114 =090 ##$$a 370.114, Toy p =100 ##$$a Toyibin, M. Aziz =245 ##$$a Pendidikan pancasila, M. Aziz Toyiban A. Kokasih Djahiri =260 ##$$a 1997 $b Jakarta =300 ##$$a xii, 283 hlm, 23 cm =650 ##$$a Pendidikan-pancasila =850 ##$$a NBPNMAT